Make Animal Names - Element Symbols #2 - Statistics

General Stats
  • This quiz has been taken 29 times
  • The average score is 13 of 15
Answer Stats
Clue Animal % Correct
Hydrogen + Iodine + Phosphorus + Polonium Hippo
100%
Rhodium + Iodine + Nobelium Rhino
92%
Bismuth + Sulfur + Oxygen + Nitrogen Bison
88%
Fluorine + Aluminum + Cobalt + Nitrogen Falcon
88%
Fluorine + Iodine + Sulfur + Hydrogen Fish
88%
Molybdenum + Oxygen + Selenium Moose
88%
Vanadium + Iodine + Phosphorus + Erbium Viper
88%
Barium + Boron + Oxygen + Oxygen + Nitrogen Baboon
84%
Phosphorus + Iodine + Germanium + Oxygen + Nitrogen Pigeon
84%
Boron + Astatine Bat
80%
Boron + Oxygen + Argon Boar
80%
Selenium + Aluminum Seal
80%
Cobalt + Tungsten Cow
76%
Carbon + Radium + Boron Crab
76%
Potassium + Iodine + Tungsten + Iodine Kiwi
68%
No matching quizzes found
Score Distribution
Percent of People with Each Score
Percentile by Number Answered
Your Score History
You have not taken this quiz